Statistics for World Languages by Letter - S

Click here to take the quiz!

General Stats

  • This quiz has been taken 107 times
  • The average score is 14 of 22

Answer Stats

ClueLanguage% Correct
¿Qué idioma es este?Spanish
98%
Is mutually intelligible with CzechSlovak
95%
Melanie Trump's native languageSlovene
90%
The most important Hindu texts
were written in this language
Sanskrit
87%
"Ett, två, tre" is how you count to threeSwedish
79%
National language of EswatiniSwazi
78%
Natives pronounce it "Srpski"Serbian
77%
Greet me with "Jambo!" in this languageSwahili
77%
National language of LesothoSotho
74%
"Auld Lang Syne" was written in itScots
72%
96% of Sri Lankans can speak itSinhalese
69%
Language of a mountain-climbing
ethnic group in Nepal
Sherpa
66%
Most-spoken Polynesian languageSamoan
64%
Lakota and Dakota are its main varietiesSioux
60%
Iman and Mo Farah are among its
most famous speakers
Somali
60%
Closest modern-day language to LatinSardinian
48%
Indigenous language spoken
mainly in Western Java
Sundanese
47%
Had the earliest true writing systemSumerian
45%
Zimbabwe's most-spoken languageShona
44%
Slavic language native to GermanySorbian
44%
Main language of Pakistan's
southernmost province
Sindhi
43%
Is classified into northern, southern,
as well as Ume, Ter and Inari sections
Sami
29%

Score Distribution

Percentile by Number Answered

Percent of People with Each Score

Your Score History

You have not taken this quiz